000 00621nam a2200169Ia 4500
008 090201s9999 xx 000 0 und d
010 _aKPL-55703
040 _bमराठी
041 _aमराठी
082 _a41250
_b55703
100 _aसदाशिव आठवले
245 _aजगद्गुरु इब्राहीम आदिलशहा
_cसदाशिव आठवले
260 _c2004
_bश्रीविदया प्रकाशन
300 _a179
_bमोठा
600 _aजगद्गुरु इब्राहीम आदिलशहा
942 _cBOOK
999 _c238462
_d238462